000 01182cam a22001934a 4500
005 20250605164336.0
008 250528s ||||||||||||||||||||||||d
035 _a23435
040 _aGR-AtMCL
_bgre
_dGR-AtMCL
_eAACR2
245 1 _aHealth Promotion Programs for the Prevention of Child's Obesity/Teacher's Perspectives
260 _c2018
300 _a77
520 _aOutlines of the Research, Review of Literature, Definition of Child Obesity, Factors that Affect Child Obesity, Threats for Children's Health, Prevention of Child Obesity, The Role of the Preschool Educator, The Aim of the Present Study, Methodology, Approaches of Research, Research Instrument, Participants, Ethical Considerations, Data Collection and Analysis, Statement of Results, Impacts of Child Obesity, Causes of Child Obesity, The Role of the Preschool Educators, Analysis and Discussion, Impacts of Cild Obesity, Causes of Child Obesity, The Role of the Preschool Educator, Summary and Conclusion, Critical Reflection on Findings, References, Appendices.
700 1 _aKoutsoupidou Theano
_98997
700 1 _aTsourouktzi Despina
_98999
942 _cDS
999 _c8445
_d8445